[Event "Hillerod Byturnering D"]
[Site "Hillerod"]
[Date "2015.??.??"]
[Round "3"]
[White "Hovgaard, Anders"]
[Black "Hviid, Jens"]
[Result "1-0"]
[WhiteElo "1400"]
[BlackElo "1584"]
[PlyCount "95"]
[EventDate "2015.04.28"]
[EventType "tourn"]
[EventRounds "7"]
[EventCountry "DEN"]
[SourceTitle "EXT 2024"]
[Source "ChessBase"]
[SourceDate "2023.10.10"]
[SourceVersion "1"]
[SourceVersionDate "2023.10.10"]
[SourceQuality "1"]

1. d4 Nf6 2. Nc3 c6 3. e4 g6 4. e5 Nd5 5. Nxd5 cxd5 6. Nf3 Nc6 7. Ng5 Bg7 8. Qf3 f6 9. exf6 Bxf6 10. Qxd5 Qa5+ 11. Qxa5 Nxa5 12. c3 d5 13. h4 h6 14. Nf3 Nc6 15. Be3 Bf5 16. 0-0-0 0-0-0 17. Nd2 e5 18. Nb3 exd4 19. Nxd4 Nxd4 20. Bxd4 Bxd4 21. Rxd4 Rhe8 22. Bb5 Re5 23. Rhd1 Bd7 24. Rxd5 Rxd5 25. Rxd5 Bxb5 26. Rxb5 Rd6 27. f4 Rd3 28. g4 a6 29. Re5 Kd7 30. f5 Rg3 31. fxg6 Rxg4 32. h5 Rg1+ 33. Kc2 Kd6 34. Rf5 Ke6 35. Rf7 Rg5 36. Rxb7 Kf6 37. Rb6+ Kg7 38. Rxa6 Rxh5 39. a4 Rh2+ 40. Kb3 h5 41. Ra7+ Kxg6 42. a5 h4 43. a6 h3 44. Rg7+ Kxg7 45. a7 Rg2 46. a8Q Kg6 47. Qf3 Kg5 48. Qxh3 1-0